000 00800nam a22002657a 4500
001 6394
003 FISKH
005 20250813134445.0
008 250428b cb ||||| |||| 00| 0 eng d
020 _a9780439399623
040 _aFISKH
_beng
_cFISKH
_dFISKH
050 _aJK1759 .B39
082 _a323.650973
100 _aBellamy, Francis
245 _aThe pledge of allegiance
260 _aNew York :
_bScholastic,
_c2000.
300 _a32 unnumbered pages :
_bcolor illustrations ;
_c21 x 26 cm
505 _aC
520 _aText, photographs and endnotes introduce children to the words and meaning of the Pledge of Allegiance.
521 8 _a100
_bLexile estimate
521 8 _aC
_bRaz-Plus
650 _aHistory
_vAmerica Flag
942 _2ddc
_cBK
_n0
999 _c6394
_d6394